Soldier on the other side (Record no. 38792)

MARC details
000 -LEADER
fixed length control field 00274nam a2200109Ia 4500
082 ## - DEWEY DECIMAL CLASSIFICATION NUMBER
Classification number 82-3
Item number ALE
100 ## - MAIN ENTRY--AUTHOR NAME
Personal name Alexander, Patrick
245 #0 - TITLE STATEMENT
Title Soldier on the other side
260 ## - PUBLICATION, DISTRIBUTION, ETC. (IMPRINT)
Place of publication Great Britain
Name of publisher Futura
Year of publication 1983
942 ## - ADDED ENTRY ELEMENTS (KOHA)
Koha item type Books
Holdings
Withdrawn status Lost status Damaged status Not for loan Home library Current library Date acquired Full call number Accession Number Koha item type
        RRII Library RRII Library 16/12/2021 82-3 ALE 19143 Books